World Heavyweight Champions - WWE - Statistics

General Stats
  • This quiz has been taken 323 times
  • The average score is 18 of 25
Answer Stats
Hint Answer % Correct
3 John Cena
93%
5 Triple H
93%
4 Randy Orton
87%
7 Edge
86%
3 The Undertaker
85%
1 Kane
83%
4 Batista
82%
1 Shawn Michaels
79%
2 Big Show
78%
2 Rey Mysterio
77%
3 CM Punk
75%
1 Daniel Bryan
73%
1 Sheamus
70%
3 Chris Jericho
69%
2 Alberto Del Rio
68%
2 Christian
68%
1 Mark Henry
66%
1 Chris Benoit
64%
2 Dolph Ziggler
61%
1 Jack Swagger
61%
1 Kurt Angle
61%
2 Jeff Hardy
58%
1 King Booker
57%
1 Goldberg
54%
1 The Great Khali
51%
No matching quizzes found
Score Distribution
Percent of People with Each Score
Percentile by Number Answered
Your Score History
You have not taken this quiz